000 00937nam0a22002651 4500
001 RU\NLR\INFOCOMM_195\5000042530
005 20250613092134.0
035 _a(NLR Aleph) 009142997
090 _a8347500
_c8347500
100 _a20091026d1961 |||y0rusy50 ca
101 0 _aspa
102 _aRU
105 _ay ||||000|y
200 1 _aSurgimiento de los sindicatos en Rusia y su actividad en los años 1905-1917
_fI. Bórschenko
210 _a[Μ.]
_cProfizdat
_d1961
215 _a24 с.
_d20 см
300 _aНа 4-й с. обл.: И. Борщенко. Возникновение профсоюзов в России и их деятельность в 1905-1917 годах
686 _aИр1992
_2rubbk
700 1 _9z01790
_aBorščenko
_bI. L.
_gIl'ja L'vovič
_4070
790 1 _9z01700
_aBórschenko
_bI.
_4070
801 1 _aRU
_bNLR
_c20091026
801 0 _aRU
_bNLR
_gPSBO
852 _aNLR
_jИр41 Г-4/10
942 _cBOOK
980 _aNB